Nexos : Sociedad, Ciencia y Literatura : año 2, número 17, mayo 1979 /

Na minha lista:
Detalhes bibliográficos
Outros Autores: Florescano, Enrique (dirección) (dirección)
Formato: Livro
Idioma:espanhol
Publicado em: México : Nexos, Sociedad, Ciencia y Literatura, 1979
Assuntos:
Tags: Adicionar Tag
Sem tags, seja o primeiro a adicionar uma tag!

MARC

LEADER 00000nam^a2200000^a^4500
001 000630078
005 20260413000000.0
009 20260526154547.421
022 |a 0185-1535 
037 |a Acervo ITESO - Biblioteca 
041 |a ESP 
082 |a 805.  |b NEX V. 17 
240 1 1 |a [Nexos] 
245 0 0 |a Nexos :  |b Sociedad, Ciencia y Literatura : año 2, número 17, mayo 1979 /  |c Dir. de E. Florescano. 
264 1 |a México :  |b Nexos, Sociedad, Ciencia y Literatura,  |c 1979 
300 |a 62 p. 
336 |a texto  |b txt  |2 rdacontenido 
337 |a sin mediación  |b n  |2 rdamedio 
338 |a volumen  |b nc  |2 rdasoporte 
567 |a Catalogación rápida 
649 |a XX 
650 |a Literatura y Sociedad -  |x Publicaciones Periódicas -  |x Tema Principal 
650 |a Literatura -  |x Publicaciones Periódicas -  |x Tema Principal 
650 |a Publicaciones Periódicas Mexicanas 
650 |a Publicaciones Periódicas 
700 |a Florescano, Enrique  |e (dirección) 
910 |a Fondo Castillo-Martínez 
920 |a Impresos - Libros 
930 |a Fondos Especiales 
940 |a Literatura 
905 |a 127 
901 |a 630411-10  |b IT2  |c ESP  |i D124014  |u 20260413 
902 |a https://opac.biblio.iteso.mx/vufind/Record/000630078